00879nam a2200229 i 4500001000700000003000900007005001700016007000300033008004100036100003300077245013800110260003700248300002200285490002600307650005500333700002700388700002700415830003400442852003200476999001900508952012200527149742ES-MaACL20230906203234.0t|071024s1968 sp ||||1| spa d1 aValsecchi, Ambrosio.911298610aRegulación de los nacimientos b: diez años de reflexión teológica / cAmbrogio Valsecchi ; [tradujeron A. Ortiz y A. Ramos]. aSalamanca : bSígueme, c1968. a329 p. ; c19 cm.1 aVerdad e imagen ; v314aControl de natalidad-xAspectos religiosos.9113391 aOrtiz, Alfonso.9875471 aRamos, Alfonso.9952390 aVerdad e imagen ; v39182105 aES-MaACLjC-35488 bR.68421 c149742d149742 00104070aATENEOMbATENEOMcDEPO2d2008-01-17eSCl0oC-35488p1156258r2023-02-23 00:00:00w2023-02-23yMONOGRAFIA